Squeeze-Outs börsennotierter Aktiengesellschaften diplomová práca

Uložené v:
Podrobná bibliografia
Hlavný autor: Zajacová, Mária
Korporativný autor: Ekonomická univerzita v Bratislave. Fakulta hospodárskej informatiky
Ďalší autori: Ebeling, Ralf Michael
Médium: Kniha
Jazyk:German
Vydavateľské údaje: Bratislava 2016
Tagy: Pridať tag
Žiadne tagy, Buďte prvý, kto otaguje tento záznam!

MARC

LEADER 00000nbm a2200000 4500
001 0226793
005 20240913092229.9
041 0 |a ger 
044 |a SK 
245 1 0 |a Squeeze-Outs börsennotierter Aktiengesellschaften  |b diplomová práca  |c Mária Zajacová ; školiteľ: Ralf Michael Ebeling 
264 1 |a Bratislava  |c 2016 
300 |a 60 s. 
100 1 |a Zajacová, Mária 
700 1 |a Ebeling, Ralf Michael 
710 2 |a Ekonomická univerzita v Bratislave. Fakulta hospodárskej informatiky